City: Post-Modernity. 4 Vols (Record no. 1224771)

MARC details
000 -LEADER
fixed length control field 00656nam a2200229Ia 4500
005 - DATE AND TIME OF LATEST TRANSACTION
control field 20241129104159.0
008 - FIXED-LENGTH DATA ELEMENTS--GENERAL INFORMATION
fixed length control field 241129s9999||||xx |||||||||||||| ||und||
020 ## - INTERNATIONAL STANDARD BOOK NUMBER
International Standard Book Number 9781473937703
037 ## - SOURCE OF ACQUISITION
Stock number Reference
040 ## - CATALOGING SOURCE
Original cataloging agency RTL
Language of cataloging eng
Transcribing agency RTL
041 ## - LANGUAGE CODE
Language code of text/sound track or separate title eng
Source of code eng
084 ## - COLON CLASSIFICATION NUMBER
Classification number U435 Q8.1-.4
Assigning agency RTL
100 ## - MAIN ENTRY--PERSONAL NAME
Personal name Latham Alan
245 #0 - TITLE STATEMENT
Title City: Post-Modernity. 4 Vols
Statement of responsibility, etc. Latham Alan
260 ## - PUBLICATION, DISTRIBUTION, ETC.
Place of publication, distribution, etc. New Delhi
Name of publisher, distributor, etc. Sage
Date of publication, distribution, etc. 2018
300 ## - PHYSICAL DESCRIPTION
Extent xi,303p.
365 ## - TRADE PRICE
Price type code INR
Price amount 16802.43
490 ## - SERIES STATEMENT
Series statement Sage Benchmarks in Culture and Society
Volume/sequential designation 01502707: V1 (xi,303p)
650 ## - SUBJECT ADDED ENTRY--TOPICAL TERM
Topical term or geographic name entry element Geography
942 ## - ADDED ENTRY ELEMENTS (KOHA)
Koha item type
Classification part U435 Q8.1-.4
Holdings
Withdrawn status Lost status Damaged status Not for loan Home library Current library Date acquired Source of acquisition Cost, normal purchase price Inventory number Total Checkouts Full call number Barcode Date last seen Price effective from Koha item type
        Ratan Tata Library Ratan Tata Library 2024-11-29 Kiran Book Service 16802.43 00099 & 21/02/2023   U435 Q8.1-.4 RT1502707 2024-11-29 2024-11-29  
Copyright @ Delhi University Library System